Watchmen Characters Quiz Stats

 Plays Quiz Updated Oct 12, 2012

Score 0/13 Timer 05:00
1 Play Today
Group Affiliation Character % Correct
The Minutemen & The CrimebustersThe Comedian
88.8%
The MinutemenNite Owl
85.8%
The CrimebustersDoctor Manhattan
83.1%
The CrimebustersNite Owl II
78.4%
The MinutemenSilk Spectre
71.3%
The CrimebustersRorschach
68.9%
The CrimebustersOzymandias
60%
The CrimebustersSilk Spectre II
54.7%
The MinutemenHooded Justice
41.9%
The MinutemenMothman
41.1%
The MinutemenDollar Bill
35.1%
The Minutemen & The CrimebustersCaptain Metropolis
26.1%
The MinutemenSilhouette
22.4%

You're not logged in!

Compare scores with friends on all Sporcle quizzes.
OR
Log In

Sporcle TV

Today on Sporcle TV


Watch our educational content, quiz creation guides, and fun videos on Sporcle TV.

Show Comments

Extras

Top Quizzes Today


Score Distribution

Your Account Isn't Verified!

In order to create a playlist on Sporcle, you need to verify the email address you used during registration. Go to your Sporcle Settings to finish the process.

Report this User

Report this user for behavior that violates our Community Guidelines.

Details: